000 01674nam a2200397 i 4500
001 195526
003 SpMaBN
005 20250904064043.0
007 ta
008 240620s1960 sp a spa
016 7 _abimoBNE19981686685
_zIND9200367343
_2SpMaBN
017 _aZ 109-1960
_bOficina Depósito Legal Zaragoza
035 _a(OCoLC)432011004
035 _abimo0000923543
040 _aSpMaBN
_bspa
_cA2
_dES-MaACL
080 _a86-14"19"
100 1 _aGómez, Julio Antonio,
_d1933-1988
_0XX1006007
_eaut
_957779
245 1 0 _aAl oeste del lago Kivú los gorilas se suicidaban en manadas numerosísimas /
_cJulio Antonio Gómez ; ilustración, Saoul Strindberg, Gregorio Prieto.
260 _a[Zaragoza :
_bs.n.],
_c1960.
_f(Imp. del Hogar Pignatelli)
300 _a45 p.,
_blám. ;
_c28 cm
336 _2rdacontent
_atexto
337 _2rdamedia
_asin mediación
338 _2rdacarrier
_avolumen
490 1 _aColección "Papageno" ;
_vvol. 1
650 4 _916177
_aPoesía española-
_yS.XX
655 7 _2tgfbne
_9176539
_aPoesías
700 1 _aShindberg, Saoul
_9237136
_eill
700 _aPrieto, Gregorio,
_d1897-1992
_eill
_9227205
830 _aColección "Papageno" ;
_9237137
_v1
852 _aES-MaACL
_cDEPOF
_jFOLL-BUE-73
_hLegado: Antonio Buero Vallejo
_9203735
_dDedicatoria manuscrita del autor, Julio Antonio Gómez, para Antonio Buero Vallejo en portada reverso: "Ejemplar para Antonio Buero Vallejo [firma]".
903 _932421
_aBuero Vallejo, Antonio,
_q1
_d1916-2000
_ednr
942 _n0
_cFOLLETOS
999 _c195526
_d195526